スピッツのアルバムタイトル - Statistics

General Stats
  • This quiz has been taken 75 times
  • The average score is 15 of 22
Answer Stats
発売年月日 タイトル % Correct
6th 1995/09/20 ハチミツ
88%
1st 1991/03/25 スピッツ
83%
2nd 1991/11/25 名前をつけてやる
81%
7th 1996/10/23 インディゴ地平線
78%
8th 1998/03/25 フェイクファー
76%
SP 1999/03/25 花鳥風月
75%
16th 2019/10/09 見っけ
75%
SP 2021/09/15 花鳥風月+
75%
10th 2002/09/11 三日月ロック
73%
11th 2005/01/12 スーベニア
73%
12th 2007/10/10 さざなみCD
73%
4th 1993/09/26 Crispy!
73%
5th 1994/09/21 空の飛び方
71%
13th 2010/10/27 とげまる
69%
9th 2000/07/26 ハヤブサ
68%
14th 2013/09/11 小さな生き物
64%
15th 2016/07/27 醒めない
61%
SP 2004/03/17 色色衣
59%
SP 2012/02/01 おるたな
59%
17th 2023/05/17 ひみつスタジオ
58%
3rd 1992/09/26 惑星のかけら
56%
Mini 1992/04/25 オーロラになれなかった人のために
53%
No matching quizzes found
Score Distribution
Percent of People with Each Score
Percentile by Number Answered
Your Score History
You have not taken this quiz